000 00512cam a22002171 4500
001 sa 63001484
003 DLC
005 20260227111927.0
008 900108s1962 ii 000 1 beno
010 _asa 63001484
035 _a(OCoLC)20860694
040 _aDLC
_cWaU
_dDLC
042 _apremarc
050 0 0 _aPK1718.M47
_bK3
100 1 _aMitra, Bimal,
_d1912-1991.
245 1 0 _aKaṛi diẏe kinalāma.
260 _c[1962]
300 _a2 v.
_c23 cm.
500 _aIn Bengali.
500 _aA novel.
999 _c53987
_d53987